Problemáticas y desafíos sobre el desarrollo. Visiones desde FLACSO-CUBA /
El documento consiste en una compilación de artículos que abarcan las temáticas del desarrollo y las ciencias sociales, los problemas económicos, políticos, sociales de Cuba. Asimismo, se toca el tema de las características y requisitos de las políticas de desarrollo en la globalización, los proceso...
Guardado en:
| Hovedforfatter: | |
|---|---|
| Andre forfattere: | |
| Format: | Bog |
| Sprog: | Spanish |
| Udgivet: |
Cuba
FLACSO
2017
|
| Fag: | |
| Tags: |
Tilføj Tag
Ingen Tags, Vær først til at tagge denne postø!
|
MARC
| LEADER | 00000nam a22000007a 4500 | ||
|---|---|---|---|
| 003 | cru CIDCACS/IIS | ||
| 005 | 20230424101908.0 | ||
| 008 | 210419b2017 cu ||||| |||| 00| 0 spa d | ||
| 020 | |a 978-959-7226-37-6 | ||
| 040 | |a CIDCACS/IIS | ||
| 090 | |a 02.01.01 J61p | ||
| 100 | |9 9943 |a Jiménez Guethón, Reynaldo |c Compilador | ||
| 245 | 1 | |a Problemáticas y desafíos sobre el desarrollo. |b Visiones desde FLACSO-CUBA / |c Compiladores: Reynaldo Jiménez Guethón y Vilma Hidalgo López-Chávez | |
| 260 | |a Cuba |b FLACSO |c 2017 | ||
| 300 | |a 279 páginas | ||
| 520 | 3 | |a El documento consiste en una compilación de artículos que abarcan las temáticas del desarrollo y las ciencias sociales, los problemas económicos, políticos, sociales de Cuba. Asimismo, se toca el tema de las características y requisitos de las políticas de desarrollo en la globalización, los proceso sociopolíticos de la Revolución cubana, el papel de la mujer en la revolución, los procesos educativos y culturales, las nuevas tecnologías de la información, la pobreza, la seguridad, la soberanía, los procesos de exclusión social y la gestión económica. | |
| 650 | 0 | 0 | |0 TESAUROS |9 143 |a ECONOMIA |
| 650 | 0 | 0 | |9 3691 |a POLITICA |
| 650 | 0 | 0 | |9 5182 |a REVOLUCION CUBANA |
| 650 | 0 | 0 | |9 113 |a PARTICIPACION DE LA MUJER |
| 650 | 0 | 0 | |9 3294 |a DESARROLLO |
| 650 | 0 | 0 | |9 944 |a EDUCACION |
| 650 | 0 | 0 | |9 388 |a GLOBALIZACION |
| 651 | 4 | |9 1846 |a CUBA | |
| 700 | |9 9944 |a Hidalgo López-Chávez, Vilma |e Compiladora | ||
| 942 | |2 ddc |c LI |h 02.01.01 J61p |i 21275 |6 020101_J61P_21275 | ||
| 999 | |c 43652 |d 43652 | ||



